000 01628cam a22004694i 4500
003 PE-LiUPU
005 20250731173056.0
008 150623s r 000 0 d
020 _a1850757739
035 _a(Sirsi) i9781850757733
040 _aPE-LiUPU
_bspa
_cPE-LiUPU
_erda
049 _aPRUA
082 0 4 _a225.008
_bN
_221
245 0 0 _aMark :
_bvariant readings arranged in horizontal lines against codex vaticanus /
_cEditado por Reuben J. Swanson.
264 1 _aPasadena, CA :
_bWilliam Carey International University Press,
_c1995.
300 _a271 páginas ;
_c26 centímetros
336 _atext
_2rdacontent
337 _aunmediated
_2rdamedia
338 _avolume
_2rdacarrier
490 0 _aNew Testament Greek Manuscripts
504 _aIncluye bibliografía.
505 0 _aMark: variant readings arranged in horizontal lines against codex vaticanus.
526 _aSEG42
526 _aSEG41
526 _aSEG40
526 _aSEG39
526 _aP94
526 _aP87
526 _aP86
526 _aP85
526 _aP77
526 _aP76
526 _aP35
630 _aBiblia.
_pN.T.
_pMarcos
_xCrítica, interpretación, etc.
700 1 _aSwanson, Reuben J.,
_eed.
942 _2ddc
_cBOOK
949 _a225.008 N
_wDEWEY
_c1
_i48602
_lCCODEBUL1
_mBUL
_r0
_sY
_tBOOK
_u2015-6-24
_xTEOLOGIA
_PP35
_0COMPRA
_o.STAFF. Colección General
994 _aC0
_bPEPRU
596 _a1
999 _a225.008 N
_wDEWEY
_c27770
_i48602
_f2021-11-9
_g5
_lCCODEBUL1
_mBUL
_r0
_sY
_tBOOK
_u2015-6-24
_xTEOLOGIA
_PP35
_0COMPRA
_o.STAFF. Colección General
_d27770
980 _81
_gALBERTO SANCHEZ Responsable de Automatización